ნორმალური ფორმატი
MARC ფორმატი
ჩანაწერი Personal Name
ჩანაწერთა რაოდენობა, რომელიც გამოყენებულია: 1
001 - CONTROL NUMBER
- control field: 7454
003 - CONTROL NUMBER IDENTIFIER
- control field: GE_BSU
005 - DATE AND TIME OF LATEST TRANSACTION
- control field: 20200226103217.0
008 - FIXED-LENGTH DATA ELEMENTS
- fixed length control field: 200226|| aca||aabn | a|a d
040 ## - CATALOGING SOURCE
- Original cataloging agency: GE_BSU
- Transcribing agency: GE_BSU
100 ## - HEADING--PERSONAL NAME
- Personal name: Moreton,Wil
670 ## - SOURCE DATA FOUND
- Source citation: Work cat.: (GE_BSU)50873: Clare, Antonia. 1647, Total English. Pre-Intermediate.Workbook With key
